|
|
|
|
| LEADER |
01207nab#a2200337#ar4500 |
| 001 |
000076906 |
| 003 |
SVKKK |
| 005 |
20070712105558.0 |
| 008 |
060725c xo e huno |
| FMT |
|
|
|
| 038 |
|
|
|a SVKKK
|
| 040 |
|
|
|a SVKKK
|b slo
|e AACR2
|
| 041 |
0 |
|
|a hun
|
| 044 |
|
|
|a xo
|c SK
|
| 080 |
|
|
|a 262.1
|2 1997
|
| 080 |
|
|
|a 282
|2 1997
|
| 080 |
|
|
|a 929 Inczinger, František ml.
|2 1997
|
| 245 |
0 |
0 |
|a Személyi hir
|
| 520 |
2 |
|
|a Bardejovský výpomocný rímskokatolícky farár František (Ferencz) Inczinger ml. má byť poverený vedením fary vo Vranove
|
| 600 |
1 |
4 |
|a Inczinger, František,
|c ml.,
|d 1883-1936,
|x farár rímskokatolícky, spisovateľ
|z Trebišov (Slovensko)
|x rodák
|z Košice (Slovensko),. Ostrihom (Maďarsko)
|x štúdium
|z Bardejov, Vranov, Stropkov (Slovensko)
|x pôsobenie
|
| 773 |
0 |
|
|t Felső-Sárosi Hirlap : Társadalmi, szépirodalmi és közgazdasági hetilap
|g Roč. 13, č. 10 (6.03.1913), s. 2
|
| 957 |
|
|
|a 701
|
| 957 |
|
|
|a 713
|
| 958 |
|
|
|a DG
|
| 958 |
|
|
|a HU
|
| 974 |
|
|
|a Ba
|
| 992 |
|
|
|a RBX
|
| 997 |
|
|
|a Inczinger, Ferencz ifj. p. Inczinger, František ml.
|d Bárfa p. Bardejov
|
| 997 |
|
|
|a Varannó p. Vranov p. Vranov nad Topľou
|
| BAS |
|
|
|
| 998 |
|
|
|a RETRO
|